Online Catalogue and eLibrary

Human rights, politics and states : (Record no. 558)

MARC details
000 -LEADER
fixed length control field 00573cam a2200205 a 4500
001 - CONTROL NUMBER
control field 13325057
005 - DATE AND TIME OF LATEST TRANSACTION
control field 20240307051555.0
008 - FIXED-LENGTH DATA ELEMENTS--GENERAL INFORMATION
fixed length control field 030403s2002 ce b 001 0 eng
020 ## - INTERNATIONAL STANDARD BOOK NUMBER
ISBN 9559102516
040 ## - CATALOGING SOURCE (பட்டியலாக்க மூலம்)
Original cataloging agency DLC
Transcribing agency DLC
082 ## - DDC Classification
DDC Edition Number 22
Class No. 323.4
Item Number - Author Mark HUM.
100 1# - MAIN ENTRY--PERSONAL NAME
Personal name Fernando, Laksiri.
245 10 - TITLE STATEMENT
Title Human rights, politics and states :
Remainder of title Burma, Cambodia, Sri Lanka /
Statement of responsibility, etc. Laksiri Fernando.
260 ## - PUBLICATION, DISTRIBUTION, ETC.
Place of publication, distribution, etc. Colombo :
Name of publisher, distributor, etc. Social Scientists' Association,
Date of publication, distribution, etc. 2002.
300 ## - PHYSICAL DESCRIPTION
Extent (e.g. Volumes, Pages etc.) v, 340 p. ;
650 #0 - SUBJECT ADDED ENTRY--TOPICAL TERM
Topical term or geographic name entry element Human rights
650 #0 - SUBJECT ADDED ENTRY--TOPICAL TERM
Topical term or geographic name entry element Human rights
650 #0 - SUBJECT ADDED ENTRY--TOPICAL TERM
Topical term or geographic name entry element Human rights
942 ## - Koha item type (Biblio)
Koha item type Books in Stacks (Lending)
Holdings
Lost status Damaged status Collection code Home library Current library Date acquired Full call number Accession Number Item type
    Lending WERC Library WERC Library 03/07/2024 323.4 HUM. 1896 Books in Stacks (Lending)

© WERC Library